000 00404 a2200133 4500
005 20250529082611.0
020 _a0-90-3031-94-9
082 _a338.04 BOL
100 _aBOLLA5RD, A .
245 _aJust for Starters : A handbook of Small- scale Business Opportunities
260 _aLondon,
_bIntermediate Technology Publications,
_c1984.
300 _ax, 197p.: ill.; picture,
_c21cm.
942 _2ddc
_cBKS
999 _c2811
_d2811